| 000 | 00522nam a22001817a 4500 | ||
|---|---|---|---|
| 005 | 20240402111341.0 | ||
| 010 | _aEN-139702 | ||
| 020 |
_c500.00 _a9789386016768 |
||
| 035 | _aEN-123234 | ||
| 037 | _bDBAD/PUB | ||
| 082 | _a230.91 | ||
| 100 |
_aRamesh Singh _964135 |
||
| 245 |
_aThe River Ganga: _bThe Life Line of India/ _cBy Ramesh Singh |
||
| 260 |
_aAllahbad _bMeenakshi Prakashan _c2017 |
||
| 270 |
_a5, Khusro Bagh Road _e211001 |
||
| 300 |
_a160p.; _c21cm(hb) |
||
| 942 |
_2ddc _cEN _h260.91 _mRAM |
||
| 999 |
_c201476 _d201476 |
||